Одинбург (Запись № 1639605)

Подробности
000 -МАРКЕР
контрольное поле 02517nam0a2200445 4500
001 - ИДЕНТИФИКАТОР ЗАПИСИ
контрольное поле RU\NLR\bibl\1478680
005 - ИДЕНТИФИКАТОР ВЕРСИИ
контрольное поле 20260405164231.0
010 ## - МЕЖДУНАРОДНЫЙ СТАНДАРТНЫЙ НОМЕР КНИГИ (ISBN)
Номер (ISBN) 978-5-8189-1464-0
Уточнения в пер.
Тираж 5000
021 ## - НОМЕР ГОСУДАРСТВЕННОЙ РЕГИСТРАЦИИ
Код страны Российская Федерация
Номер 2009-107639
Номер Листа государственной регистраци 6867
035 ## - ДРУГИЕ СИСТЕМНЫЕ НОМЕРА
Идентификатор записи (nilc)RSL-KNO-004565480
035 ## - ДРУГИЕ СИСТЕМНЫЕ НОМЕРА
Идентификатор записи (NLR Aleph) 001470342
100 ## - ДАННЫЕ ОБЩЕЙ ОБРАБОТКИ
Данные общей обработки 20100114d2009 |||y0rusy50 ca
101 1# - ЯЗЫК РЕСУРСА
Язык текста, звукозаписи и т.д. русский
Язык оригинала английский
102 ## - СТРАНА ПУБЛИКАЦИИ ИЛИ ПРОИЗВОДСТВА
Страна публикации Российская Федерация
105 ## - ПОЛЕ КОДИРОВАННЫХ ДАННЫХ: ТЕКСТОВЫЕ МАТЕРИАЛЫ, МОНОГРАФИЧЕСКИЕ
Кодированные данные о монографическом текстовом документе y |||||||||
200 1# - ЗАГЛАВИЕ И СВЕДЕНИЯ ОБ ОТВЕТСТВЕННОСТИ
Основное заглавие Одинбург
Сведения, относящиеся к заглавию [сборник]
Первые сведения об ответственности Александр Маккол Смит, Иэн Рэнкин, Ирвин Уэлш
Последующие сведения об ответственности с предисл. Джоан К. Роулинг
-- вступ. слово Лесли Хиндса
-- [пер. с англ. А. Соловьева]
210 ## - ПУБЛИКАЦИЯ, РАСПРОСТРАНЕНИЕ И ДР.
Место издания, распространения и т.д. Москва
Имя издателя, распространителя и т. д. Geleos Publishing House
-- издатель А. Соловьев
Дата издания, распространения и т.д. 2009
215 ## - ФИЗИЧЕСКАЯ ХАРАКТЕРИСТИКА
Специфическое обозначение материала и объем 154, [1] с.
Размеры 20
225 1# - СЕРИЯ
Основное заглавие серии Geleos
300 ## - ОБЩИЕ ПРИМЕЧАНИЯ
Текст примечания Загл. и авт. ориг.: OneCity / Alexander McCall Smith, Ian Rankin, Irvin Welsh
300 ## - ОБЩИЕ ПРИМЕЧАНИЯ
Текст примечания На обл. загл.: Эдинбург, первая буква перечеркнута и испр. на О
300 ## - ОБЩИЕ ПРИМЕЧАНИЯ
Текст примечания На обл. авт.: Ирвин Уэлш, Иэн Рэнкин, Александр Маккол Смит, Джоан Роулинг
300 ## - ОБЩИЕ ПРИМЕЧАНИЯ
Текст примечания На корешке: Одинбург / Ирвин Уэлш
300 ## - ОБЩИЕ ПРИМЕЧАНИЯ
Текст примечания Содерж.: Незавидная судьба Китти да Силвы / Александр Макколл Смит. Шоу начинается / Иэн Рэнкин. Мюррейфилд (Вы просто издеваетесь) / Ирвин Уэлш
455 #0 - ОРИГИНАЛ, С КОТОРОГО СДЕЛАНА КОПИЯ
Встроенное поле 2000#$aOneCity$fAlexander McCall Smith, Ian Rankin, Irvin Welsh
-- 700#1$aMcCall Smith$bA.$gAlexander$f1948-$3RU\NLR\AUTH\770264456$4070
-- 701#1$aRankin$bI.$gIan$4070
-- 701#1$aWelsh$bI.$gIrvin$4070
Заглавие OneCity
Автор McCall Smith, Alexander (1948-)
517 0# - ДРУГИЕ ВАРИАНТЫ ЗАГЛАВИЯ
Вариант заглавия Эдинбург
686 ## - ИНДЕКСЫ ДРУГИХ КЛАССИФИКАЦИЙ
Индекс Ш5(4Вл)62-699.9
Код системы
686 ## - ИНДЕКСЫ ДРУГИХ КЛАССИФИКАЦИЙ
Индекс Ш5(4Вл)62-644я43
Код системы
686 ## - ИНДЕКСЫ ДРУГИХ КЛАССИФИКАЦИЙ
Индекс Ш6(4Вл)67-440.4я43{Лх1299-50сб}
700 #1 - ИМЯ ЛИЦА - ПЕРВИЧНАЯ ОТВЕТСТВЕННОСТЬ
Код отношения Автор
Материалы, к которым относится поле rus
Графика поля Кириллица
Начальный элемент ввода Маккол Смит
Часть имени, кроме начального элемента ввода А.
Даты 1948-
Расширение инициалов личного имени Александр
Идентификатор авторитетной/нормативной записи RU\NLR\auth\7770225
Системный номер авторитетной/нормативной записи 53153
701 #1 - ИМЯ ЛИЦА - АЛЬТЕРНАТИВНАЯ ОТВЕТСТВЕННОСТЬ
Код отношения Автор
Графика поля Кириллица
Материалы, к которым относится поле rus
Начальный элемент ввода Рэнкин
Часть имени, кроме начального элемента ввода И.
Даты 1960-
Расширение инициалов личного имени Иэн
Системный номер авторитетной/нормативной записи 253268
Идентификатор авторитетной/нормативной записи RU\NLR\AUTH\770253324
701 #1 - ИМЯ ЛИЦА - АЛЬТЕРНАТИВНАЯ ОТВЕТСТВЕННОСТЬ
Код отношения Автор
Графика поля Кириллица
Материалы, к которым относится поле rus
Начальный элемент ввода Уэлш
Часть имени, кроме начального элемента ввода И.
Даты 1958-
Расширение инициалов личного имени Ирвин
Системный номер авторитетной/нормативной записи 193961
Идентификатор авторитетной/нормативной записи RU\NLR\AUTH\770194012
801 #0 - ИСТОЧНИК ЗАПИСИ
Страна Российская Федерация
Организация RuMoRGB
Дата составления 20100114
Правила каталогизации rcr
801 #1 - ИСТОЧНИК ЗАПИСИ
Страна Российская Федерация
Организация RuMoRGB
Дата составления 20100114
801 #2 - ИСТОЧНИК ЗАПИСИ
Страна Российская Федерация
Организация NLR
Дата составления 20100301
Правила каталогизации rcr
942 ## - ДОПОЛНИТЕЛЬНЫЕ ЭЛЕМЕНТЫ ЗАПИСИ (АБИС)
Тип экземпляра АБИС Книга
980 ## - КОЛЛЕКЦИЯ
Название коллекции Национальная библиография
Экземпляры
Тип экземпляра Дата поступления Источник поступления Библиотека постоянного хранения Библиотека текущего хранения Место хранения Шифр хранения Штрих-код Статус экземпляра
Книга 01.03.2010 Обязательный экземпляр РНБ (Московский) РНБ (Московский) Русский книжный фонд: издания с 1957 года 2010-3/5963 1-1657222  
Книга 01.03.2010 Обязательный экземпляр РНБ (Московский) РНБ (Московский) Русский книжный фонд: издания с 1957 года 2010-3/5963 1-4425738